Statistiques concernant "Les Fables" de la Fontaine #2: Le Corbeau et le Renard

Cliquez ici pour prendre le quiz!

Statistiques générales

  • Ce quiz a été pris 424 fois
  • Le résultat moyen est 14 sur 18

Statistiques - réponses

Réponse% Correct
Maître Renard, par l'{odeur} alléché,
99%
Tenait dans son bec un {fromage}.
99%
Maître Corbeau sur un {arbre} {perché},
98%
Lui tint à peu près ce {langage}:
95%
Se rapporte à votre {plumage},
95%
Il ouvre un large bec, laisse tomber sa {proie}.
81%
Que vous êtes {joli}! que vous me semblez beau!
80%
Jura, mais un peu {tard}, qu'on ne l'y prendrait plus.
76%
Vous êtes le {Phénix} des hôtes de ce bois."
73%
Cette {leçon} vaut bien un fromage, sans doute."
72%
" Hé!, bonjour, {Monsieur} {du} {Corbeau},
72%
À ces mots, le Corbeau ne se sent pas de {joie};
71%
Vit au dépends de celui {qui} {l'} {écoute}.
71%
Et pour montrer sa {belle} {voix},
70%
Apprenez que tout {flatteur}
67%
Le Renard s'en {saisit}, et dit: " Mon bon Monsieur,
63%
{Sans} {mentir}, si votre ramage
56%
Le Corbeau, honteux et {confus},
54%

Distribution des résultats

Percentile par nombre de réponses

% des personnes avec chaque résultat

Votre développement - résultats

Vous n’avez pas pris ce quiz